| 000 | 00909nam a2200229 a 4500 | ||
|---|---|---|---|
| 008 | 120416s1994 ||||||||||||||||| || u | ||
| 020 | _a0883855100 | ||
| 050 | _aQA 255 Hah | ||
| 100 | _aHahn, Liang-Shin | ||
| 245 | 1 | 0 | _aComplex numbers and geometry |
| 260 |
_aNew York: _bThe Mathematics Association of America _c1994 |
||
| 300 | _ax, 192p.: ill. | ||
| 350 | _a0.00 | ||
| 490 | _aSpectrum series | ||
| 490 | _vMAA spectrum. | ||
| 500 | _aSpine title: Complex numbers & geometry. -Includes bibliographical references (p. 165) and index. | ||
| 650 | _aNUMBERS, COMPLEX | ||
| 650 | _aGEOMETRY, MODERN | ||
| 856 | _uhttp://www.loc.gov/catdir/description/cam026/93079038.html | ||
| 856 | _uhttp://www.loc.gov/catdir/toc/cam027/93079038.html | ||
| 995 |
_D0.00 _FCBU-MAIN LIBRARY (Kitwe) _H1 _I18.99 _M1 _UAVAILABLE _ZMain Library Open Access Collection |
||
| 999 |
_c38159 _d38159 |
||